MARC details
| 000 -LEADER |
| fixed length control field |
01728 a2200409 4500 |
| 001 - CONTROL NUMBER |
| control field |
200130299 |
| 003 - CONTROL NUMBER IDENTIFIER |
| control field |
TR-AnTOB |
| 005 - DATE AND TIME OF LATEST TRANSACTION |
| control field |
20231207164751.0 |
| 008 - FIXED-LENGTH DATA ELEMENTS--GENERAL INFORMATION |
| fixed length control field |
130821b tu 000 0 |
| 020 ## - INTERNATIONAL STANDARD BOOK NUMBER |
| International Standard Book Number |
0876093659 |
|
| International Standard Book Number |
9780876093658 |
| 040 ## - CATALOGING SOURCE |
| Original cataloging agency |
TR-AnTOB |
| 041 ## - LANGUAGE CODE |
| Language code of text/sound track or separate title |
İngilizce |
| 050 00 - LIBRARY OF CONGRESS CALL NUMBER |
| Classification number |
HD9566.U62 |
| Item number |
N38 2006 |
| 090 ## - LOCALLY ASSIGNED LC-TYPE CALL NUMBER (OCLC); LOCAL CALL NUMBER (RLIN) |
| Classification number (OCLC) (R) ; Classification number, CALL (RLIN) (NR) |
HD9566.U62 N38 2006 |
| 245 00 - TITLE STATEMENT |
| Title |
National security consequences of U.S. oil dependency : report of an independent task force / |
| Statement of responsibility, etc. |
[John Deutsch and James R. Schlesinger, chairs ; David G. Victor, project director]. |
| 264 #1 - PRODUCTION, PUBLICATION, DISTRIBUTION, MANUFACTURE, AND COPYRIGHT NOTICE |
| Place of production, publication, distribution, manufacture |
New York : |
| Name of producer, publisher, distributor, manufacturer |
Council on Foreign Relations, |
| Date of production, publication, distribution, manufacture, or copyright notice |
c2006. |
| 300 ## - PHYSICAL DESCRIPTION |
| Extent |
xiv, 67 p. : |
| Other physical details |
ill. ; |
| Dimensions |
23 cm. |
| 490 0# - SERIES STATEMENT |
| Series statement |
Independent task force report ; |
| Volume/sequential designation |
no. 58 |
| 504 ## - BIBLIOGRAPHY, ETC. NOTE |
| Bibliography, etc. note |
|
| 650 #0 - SUBJECT ADDED ENTRY--TOPICAL TERM |
| Topical term or geographic name entry element |
National security |
| Geographic subdivision |
United States |
| 9 (RLIN) |
29515 |
|
| Topical term or geographic name entry element |
Petroleum products |
| General subdivision |
Prices |
| 9 (RLIN) |
39147 |
|
| Topical term or geographic name entry element |
Energy policy |
| Geographic subdivision |
United States |
| 9 (RLIN) |
42220 |
|
| Topical term or geographic name entry element |
Petroleum industry and trade |
| Geographic subdivision |
United States |
| 9 (RLIN) |
92405 |
|
| Topical term or geographic name entry element |
Milli güvenlik |
| Geographic subdivision |
Amerika Birleşik Devletleri |
| Source of heading or term |
etuturkob |
| 9 (RLIN) |
92407 |
|
| Topical term or geographic name entry element |
Petrol endüstrisi ve ticareti |
| Geographic subdivision |
Amerika Birleşik Devletleri |
| Source of heading or term |
etuturkob |
| 9 (RLIN) |
92408 |
|
| Topical term or geographic name entry element |
Petrol ürünleri |
| General subdivision |
Fiyatlar |
| Source of heading or term |
etuturkob |
| 9 (RLIN) |
92409 |
|
| Topical term or geographic name entry element |
Enerji politikası |
| Geographic subdivision |
Amerika Birleşik Devletleri |
| Source of heading or term |
etuturkob |
| 9 (RLIN) |
42221 |
| 651 #0 - SUBJECT ADDED ENTRY--GEOGRAPHIC NAME |
| Geographic name |
United States |
| General subdivision |
Foreign relations |
| Chronological subdivision |
2001- |
| 9 (RLIN) |
24190 |
|
| Geographic name |
Amerika Birleşik Devletleri |
| General subdivision |
Dış ilişkiler |
| Chronological subdivision |
2001- |
| 9 (RLIN) |
29289 |
| 700 1# - ADDED ENTRY--PERSONAL NAME |
| Personal name |
Deutch, John M., |
| Dates associated with a name |
1938- |
| 9 (RLIN) |
92401 |
|
| Personal name |
Schlesinger, James R. |
| 9 (RLIN) |
92402 |
|
| Personal name |
Victor, David G. |
| 9 (RLIN) |
92403 |
| 710 2# - ADDED ENTRY--CORPORATE NAME |
| Corporate name or jurisdiction name as entry element |
Council on Foreign Relations. |
| Subordinate unit |
Independent Task Force on Energy and U.S. Foreign Policy |
| 9 (RLIN) |
92404 |
| 999 ## - SYSTEM CONTROL NUMBERS (KOHA) |
| -- |
T.o 21.08.2013 |
| 942 ## - ADDED ENTRY ELEMENTS (KOHA) |
| Koha item type |
Book |